La zarzuela / (Record no. 133834)

MARC details
000 -LEADER
campo de control de longitud fija 00685nam a2200229 i 4500
001 - NÚMERO DE CONTROL
campo de control 133834
003 - IDENTIFICADOR DE NÚMERO DE CONTROL
campo de control ES-MaACL
005 - FECHA Y HORA DE LA ÚLTIMA TRANSACCIÓN
campo de control 20250823102206.0
007 - CAMPO FIJO DE DESCRIPCIÓN FÍSICA--INFORMACIÓN GENERAL
campo de control de longitud fija t|
008 - DATOS DE LONGITUD FIJA--INFORMACIÓN GENERAL
campo de control de longitud fija 070831s1984 sp ||||1| spa d
020 ## - NÚMERO INTERNACIONAL ESTÁNDAR DEL LIBRO
Número Internacional Estándar del Libro 84-231-2802-4
080 ## - NÚMERO DE LA CLASIFICACIÓN DECIMAL UNIVERSAL
Número de la Clasificación Decimal Universal 792.5
100 1# - ENTRADA PRINCIPAL--NOMBRE DE PERSONA
Nombre de persona Alier, Roger.
9 (RLIN) 19932
245 13 - MENCIÓN DEL TÍTULO
Título La zarzuela /
Mención de responsabilidad, etc. por el Dr. Roger Alier.
260 ## - PUBLICACIÓN, DISTRIBUCIÓN, ETC.
Lugar de publicación, distribución, etc. Madrid :
Nombre del editor, distribuidor, etc. Daimon :
-- Manuel Tamayo,
Fecha de publicación, distribución, etc. [1984]
300 ## - DESCRIPCIÓN FÍSICA
Extensión 132 p. ;
Dimensiones 19 p.
490 1# - MENCIÓN DE SERIE
Mención de serie Qué es y en qué consiste...
650 17 - PUNTO DE ACCESO ADICIONAL DE MATERIA--TÉRMINO DE MATERIA
Término de materia o nombre geográfico como elemento de entrada Zarzuela
Fuente del encabezamiento o término embne
9 (RLIN) 136568
830 0# - PUNTO DE ACCESO ADICIONAL DE SERIE-TÍTULO UNIFORME
Título uniforme Qué es y en qué consiste...
9 (RLIN) 233392
852 ## - LOCALIZACIÓN
Ubicación ES-MaACL
Número de control de estantería E-12081
Nota libre . - Biblioteca Jacinto Martínez Lacalle
Holdings
Estatus retirado Estado de pérdida Estado de daño No para préstamo Biblioteca de origen Biblioteca actual Ubicación en estantería Fecha de adquisición Fuente de adquisición Total de préstamos Signatura topográfica completa Código de barras Visto por última vez Precio de reemplazo Tipo de ítem Koha
        Biblioteca del Ateneo de Madrid Biblioteca del Ateneo de Madrid Depósito 2 17/01/2008     E-12081 1139316 23/02/2023 23/02/2023 Libro impreso